Match the random country with their capital (North America) - Statistics

General Stats
  • This quiz has been taken 67 times
  • The average score is 8 of 10
Answer Stats
Hint Answer % Correct
Cuba Havana
100%
Mexico Mexico City
100%
Canada Ottawa
100%
Haiti Port au Prince
100%
United States Washington D.C.
100%
Jamaica Kingston
96%
Panama Panama City
96%
El Salvador San Salvador
96%
Guatemala Guatemala City
95%
Nicaragua Managua
92%
Bahamas Nassau
88%
Dominican Republic Santo Domingo
85%
Belize Belmopan
84%
Costa Rica San Jose
78%
Trinidad and Tobago Port of Spain
75%
Saint Lucia Castries
74%
Barbados Bridgetown
71%
Saint Kitts and Nevis Basseterre
70%
Grenada Saint George's
68%
Dominica Roseau
67%
Honduras Tegucigalpa
67%
Antigua and Barbuda Saint John's
63%
Saint Vincent and the Grenadines Kingstown
61%
No matching quizzes found
Score Distribution
Percent of People with Each Score
Percentile by Number Answered
Your Score History
You have not taken this quiz